000 01053nam a22003377a 4500
001 BR8002942
003 BR-BrBNA
005 20230928090617.0
007 ta
008 230509b bl.||||| |||| 00| 0 por d
040 _aBR-BrBNA
_bpor
_cBiblioteca Nacional de Agricultura
041 _a(Por)
072 _aF50; F00
_b1930
_b/G514
090 _ 1930 BR8002942
100 1 _aSerrao, E.A.S.
100 1 _aBatista, H.A.M.
100 1 _aBoulhosa, J.A.Z.
110 1 _aInstituto de Pesquisas e Experimentacao Agropecuarias do Norte, Belem, PA (Brasil)
_96183
245 1 _aCanarana erecta lisa. Echinochloa pyramidalis (Lam.)Hitchc. et Chase [Graminea forrageira; Pratica cultural; Amazonia; Brasil]
260 3 _aBelem, PA (Brasil):
_c1980.
300 _a35 p.
500 _a8 illus.; 7 ref.; Summary (Eng)
650 _aEstrutura vegetal
650 _aGraminea forrageira
650 _aPratica cultural
650 _aValor nutritivo
650 _aCusto
650 _aAmazonia
909 _a202309
_bLucia
_c55
_dLucia Elande
942 _cBK
999 _c29626
_d29626